Top Cricket Playing Countries - Statistics

General Stats
  • This quiz has been taken 432 times
  • The average score is 7 of 12
Answer Stats
Hint Answer % Correct
India
97%
Australia
92%
Pakistan
92%
England
81%
Sri Lanka
77%
Bangladesh
76%
South Africa
74%
West Indies
61%
Ireland
54%
UAE
18%
New Zeland
14%
Neatherland
6%
No matching quizzes found
Score Distribution
Percent of People with Each Score
Percentile by Number Answered
Your Score History
You have not taken this quiz